2. Bundesliga 2024/2025 - Statistiken

Allgemein
  • Dieses Quiz wurde 938 mal gespielt
    915 seit der letzten Aktualisierung
  • Das Durchschnittsergebnis liegt bei 15 aus 18
Antwortstatistiken
Antwort % Korrekt
Hamburger SV
98%
1. FC Köln
96%
FC Schalke 04
92%
Hertha BSC
89%
Hannover
88%
1. FC Nürnberg
86%
Fortuna Düsseldorf
86%
SV Elversberg
86%
Eintracht Braunschweig
85%
1. FC Kaiserslautern
84%
SSV Ulm 1846
84%
SSV Jahn Regensburg
83%
Preußen Münster
82%
Karlsruher SC
81%
SpVgg Greuther Fürth
80%
SV Darmstadt 98
79%
1. FC Magdeburg
78%
SC Paderborn 07
74%
Keine übereinstimmenden Quizze gefunden
Verteilung der Resultate
Anzahl Personen mit jedem Resultat
Perzentil nach korrekt beantworteten Fragen
Ihre Resultats-Entwicklung
Sie haben dieses Quiz seit der letzten Aktualisierung nicht gespielt